Trồng hoa Lan
Sách cung cấp cho bạn đọc kiến thức về hoa lan như đặc điểm, phân họ, kỹ thuật nhân giống, phương thức trồng và chăm sóc một số loài Lan tiêu biểu.
Wedi'i Gadw mewn:
| Prif Awdur: | |
|---|---|
| Fformat: | Llyfr |
| Iaith: | Undetermined |
| Cyhoeddwyd: |
Thành phố Hồ Chí Minh
Trẻ
2010
|
| Pynciau: | |
| Tagiau: |
Ychwanegu Tag
Dim Tagiau, Byddwch y cyntaf i dagio'r cofnod hwn!
|
| Thư viện lưu trữ: | Trung tâm Học liệu Trường Đại học Cần Thơ |
|---|
| LEADER | 00825nam a2200205Ia 4500 | ||
|---|---|---|---|
| 001 | CTU_192038 | ||
| 008 | 210402s9999 xx 000 0 und d | ||
| 020 | |c 45000 | ||
| 082 | |a 635.9344 | ||
| 082 | |b Ngh307 | ||
| 100 | |a Nguyễn, Công Nghiệp | ||
| 245 | 0 | |a Trồng hoa Lan | |
| 245 | 0 | |c Nguyễn Công Nghiệp | |
| 260 | |a Thành phố Hồ Chí Minh | ||
| 260 | |b Trẻ | ||
| 260 | |c 2010 | ||
| 520 | |a Sách cung cấp cho bạn đọc kiến thức về hoa lan như đặc điểm, phân họ, kỹ thuật nhân giống, phương thức trồng và chăm sóc một số loài Lan tiêu biểu. | ||
| 650 | |a Orchid culture,Orchids,Kỹ thuật trồng Hoa Lan,Hoa Lan | ||
| 904 | |i Trúc | ||
| 980 | |a Trung tâm Học liệu Trường Đại học Cần Thơ | ||